CDC Health Information for International travel 2010: (Record no. 8082)
[ view plain ]
| 000 -LEADER | |
|---|---|
| fixed length control field | 00560nam a22001937a 4500 |
| 003 - CONTROL NUMBER IDENTIFIER | |
| control field | OSt |
| 005 - DATE AND TIME OF LATEST TRANSACTION | |
| control field | 20230307102439.0 |
| 008 - FIXED-LENGTH DATA ELEMENTS--GENERAL INFORMATION | |
| fixed length control field | 230307b ||||| |||| 00| 0 eng d |
| 020 ## - INTERNATIONAL STANDARD BOOK NUMBER | |
| International Standard Book Number | 9780702034817 |
| 040 ## - CATALOGING SOURCE | |
| Transcribing agency | MUST |
| 082 ## - DEWEY DECIMAL CLASSIFICATION NUMBER | |
| Classification number | W100H347g 2009 |
| 100 ## - MAIN ENTRY--PERSONAL NAME | |
| Personal name | Brunette,W.Gary;{et...al} |
| 9 (RLIN) | 16465 |
| 245 ## - TITLE STATEMENT | |
| Title | CDC Health Information for International travel 2010: |
| Remainder of title | The yellow book |
| 260 ## - PUBLICATION, DISTRIBUTION, ETC. (IMPRINT) | |
| Place of publication, distribution, etc. | Georgia, |
| Name of publisher, distributor, etc. | Mosby Elsevier; |
| Date of publication, distribution, etc. | 2009 |
| 300 ## - PHYSICAL DESCRIPTION | |
| Extent | xi,528p; |
| Other physical details | col,ill; |
| Dimensions | 27cm. |
| 504 ## - BIBLIOGRAPHY, ETC. NOTE | |
| Bibliography, etc | includes index and appendix |
| 650 ## - SUBJECT ADDED ENTRY--TOPICAL TERM | |
| Topical term or geographic name as entry element | Medicine |
| 9 (RLIN) | 324 |
| 942 ## - ADDED ENTRY ELEMENTS (KOHA) | |
| Source of classification or shelving scheme | Other/Generic Classification Scheme |
| Koha item type | Open Shelf |
| Withdrawn status | Lost status | Source of classification or shelving scheme | Damaged status | Not for loan | Home library | Current library | Date acquired | Source of acquisition | Inventory number | Total Checkouts | Full call number | Barcode | Date last seen | Price effective from | Koha item type |
|---|---|---|---|---|---|---|---|---|---|---|---|---|---|---|---|
| Other/Generic Classification Scheme | MUST Main Library | MUST Main Library | 07/03/2023 | Donation | 10/32607 | W100H347g 2009 | 2023-0284 | 07/03/2023 | 07/03/2023 | Open Shelf | |||||
| Other/Generic Classification Scheme | MUST Main Library | MUST Main Library | 07/03/2023 | Donation | 10/32640 | W100H347g 2009 | 2023-0285 | 07/03/2023 | 07/03/2023 | Open Shelf |
